书目信息 |
| 题名: |
处世之道
|
|
| 作者: | 乔力 主编 | |
| 分册: | ||
| 出版信息: | 桂林 广西师范大学出版社 1996.10 |
|
| 页数: | 196页 | |
| 开本: | 32开 | |
| 丛书名: | ||
| 单 册: | ||
| 中图分类: | C912.3 | |
| 科图分类: | ||
| 主题词: | 社会结构 , 社会关系 | |
| 电子资源: | ||
| ISBN: | 7-5633-2298-1 | |
| 000 | 00554nam0 2200205 45 | |
| 001 | 0012021104 | |
| 005 | 20001202112516.5 | |
| 010 | @a7-5633-2298-1@d7.50元 | |
| 100 | @a20001202d1996 km y0chiy0120 ea | |
| 101 | 0 | @achi |
| 105 | @a z 000yy | |
| 200 | 1 | @a处世之道@AChu Shi Zhi Dao@f乔力主编@FQiao Li Zhu Bian |
| 210 | @a桂林@c广西师范大学出版社@d1996.10 | |
| 215 | @a196页@d32开 | |
| 606 | 0 | @a社会结构 |
| 606 | 0 | @a社会关系 |
| 690 | @aC912.3@v3 | |
| 701 | 0 | @a乔力@4主编 |
| 801 | @aCN@bPftUser@c20001202 | |
| 905 | @b509897-916@dC912.3@eQ.091@f20 | |
| 处世之道/乔力主编.-桂林:广西师范大学出版社,1996.10 |
| 196页;32开 |
| ISBN 7-5633-2298-1:7.50元 |
| ● |
| 相关链接 |
|
|
|
正题名:处世之道
索取号:C912.3/Q.091
 
预约/预借
| 序号 | 登录号 | 条形码 | 馆藏地/架位号 | 状态 | 备注 |
| 1 | 509897 | 205098972 | 社科库509/509社科库 59排3列4层/ [索取号:C912.3/Q.091] | 在馆 | |
| 2 | 509898 | 205098981 | 社科库509/509社科库 59排3列4层/ [索取号:C912.3/Q.091] | 在馆 | |
| 3 | 509899 | 205098990 | 社科库509/509社科库 59排3列4层/ [索取号:C912.3/Q.091] | 在馆 | |
| 4 | 509900 | 205099007 | 社科库509/509社科库 59排3列4层/ [索取号:C912.3/Q.091] | 在馆 | |
| 5 | 509901 | 205099016 | 社科库509/509社科库 59排3列4层/ [索取号:C912.3/Q.091] | 在馆 | |
| 6 | 509902 | 205099025 | 社科库509/509社科库 59排3列4层/ [索取号:C912.3/Q.091] | 在馆 | |
| 7 | 509903 | 205099034 | 社科库509/509社科库 59排3列4层/ [索取号:C912.3/Q.091] | 在馆 | |
| 8 | 509904 | 205099043 | 社科库509/509社科库 59排3列4层/ [索取号:C912.3/Q.091] | 在馆 | |
| 9 | 509905 | 205099052 | 社科库509/509社科库 59排3列4层/ [索取号:C912.3/Q.091] | 在馆 | |
| 10 | 509906 | 205099061 | 社科库509/509社科库 59排3列4层/ [索取号:C912.3/Q.091] | 在馆 | |
| 11 | 509907 | 205099070 | 社科库509/509社科库 59排3列4层/ [索取号:C912.3/Q.091] | 在馆 | |
| 12 | 509908 | 205099089 | 社科库509/509社科库 59排3列4层/ [索取号:C912.3/Q.091] | 在馆 | |
| 13 | 509909 | 205099098 | 社科库509/509社科库 59排3列4层/ [索取号:C912.3/Q.091] | 在馆 | |
| 14 | 509910 | 205099105 | 社科库509/509社科库 59排3列4层/ [索取号:C912.3/Q.091] | 在馆 | |
| 15 | 509911 | 205099114 | 社科库509/509社科库 59排3列4层/ [索取号:C912.3/Q.091] | 在馆 | |
| 16 | 509912 | 205099123 | 社科库509/509社科库 59排3列4层/ [索取号:C912.3/Q.091] | 在馆 | |
| 17 | 509913 | 205099132 | 社科库509/509社科库 59排3列4层/ [索取号:C912.3/Q.091] | 在馆 | |
| 18 | 509914 | 205099141 | 社科库509/509社科库 59排3列4层/ [索取号:C912.3/Q.091] | 在馆 | |
| 19 | 509915 | 205099150 | 社科库509/509社科库 59排3列4层/ [索取号:C912.3/Q.091] | 在馆 | |
| 20 | 509916 | 205099169 | 社科库509/509社科库 59排3列4层/ [索取号:C912.3/Q.091] | 在馆 |